Monstercat 2011 Artists - Statistics

General Stats
  • This quiz has been taken 28 times
  • The average score is 16 of 23
Answer Stats
Answer % Correct
Ephixa
100%
Stephen Walking
100%
Feint
91%
Going Quantum
91%
Arion
82%
Halo Nova
82%
Matduke
82%
Neilio
82%
Varien
82%
Eminence
73%
Mr FijiWiji
73%
Noisestorm
73%
Project 46
73%
Tristam
73%
23
64%
Hellberg
64%
Muzzy
64%
yh
64%
DotEXE
55%
Obsidia
55%
Rezonate
55%
TwoThirds
45%
Insan3Lik3
27%
No matching quizzes found
Score Distribution
Percent of People with Each Score
Percentile by Number Answered
Your Score History
You have not taken this quiz